| Tag |
First Indicator |
Second Indicator |
Subfields |
| LEADER |
00000cam a2200000 a 4500 |
| 001 |
in00000079354 |
| 005 |
20151008060832.0 |
| 008 |
810820s1981 miu b 10010 eng |
| 010 |
|
|
|a 81080191
|
| 020 |
|
|
|a 0876501315
|
| 035 |
|
|
|a (OCoLC)07525327
|
| 035 |
|
|
|9 AAJ6690AM
|
| 039 |
0 |
|
|a 2
|b 3
|c 3
|d 3
|e 3
|
| 040 |
|
|
|a DLC
|c DLC
|d TXA
|d UtOrBLW
|
| 043 |
|
|
|a n-us---
|
| 049 |
|
|
|a TXAM
|c [1272343]
|
| 050 |
0 |
0 |
|a Z711
|b .C57 1980
|
| 082 |
0 |
|
|a 025.5/67
|2 19
|
| 111 |
2 |
|
|a Conference on Library Orientation for Academic Libraries
|n (10th :
|d 1980 :
|c Eastern Michigan University)
|
| 245 |
1 |
0 |
|a Directions for the decade :
|b library instruction in the 1980s : papers presented at the Tenth Annual Conference on Library Orientation for Academic Libraries, held at Eastern Michigan University, May 8-9, 1980 /
|c edited by Carolyn A. Kirkendall.
|
| 264 |
|
1 |
|a Ann Arbor, Mich. :
|b Published for the Center of Educational Resources, Eastern Michigan University by Pierian Press,
|c 1981.
|
| 300 |
|
|
|a xiii, 160 pages ;
|c 24 cm.
|
| 336 |
|
|
|a text
|b txt
|2 rdacontent
|
| 337 |
|
|
|a unmediated
|b n
|2 rdamedia
|
| 338 |
|
|
|a volume
|b nc
|2 rdacarrier
|
| 490 |
1 |
|
|a Library orientation series ;
|v no. 12
|
| 504 |
|
|
|a Includes bibliographies.
|
| 650 |
|
0 |
|a Library orientation
|z United States
|x Congresses.
|
| 700 |
1 |
|
|a Kirkendall, Carolyn A.
|
| 830 |
|
0 |
|a Library orientation series ;
|v v. 12.
|
| 999 |
|
|
|a MARS
|
| 999 |
f |
f |
|s 57dd9aed-7371-3fe7-9b4a-e817b90ca548
|i 4ad3f957-b0b2-3fe8-9421-e922342d4971
|t 0
|
| 952 |
f |
f |
|p ric
|a Texas A&M University
|b Rellis Campus
|c Joint Library Facility
|d Remote Storage
|t 0
|e Z711 .C57 1980
|h Library of Congress classification
|i unmediated -- volume
|m A14806263043
|
| 998 |
f |
f |
|a Z711 .C57 1980
|t 0
|l Remote Storage
|